| 000 | 00787nam a22001337a 4500 | ||
|---|---|---|---|
| 040 | _cRUA | ||
| 082 | _aLMA THA 2015 B498 Or.1 | ||
| 100 | _aTHAN DANY; ថាន ដានី | ||
| 245 | _aStudy on grating social land concession to former military and family in tang samrong commun, phnom srouch district, kompong speu province; សិក្សាពីការផ្ដល់សម្បទានដីសង្គមកិច្ចជូនអតីតកងកម្លាំងប្រដាប់អាវុធ និងគ្រួសារនៅឃុំតាំងសំរោង ស្រុកភ្នំស្រួច ខេត្តកំពង់ស្ពឺ | ||
| 260 |
_aPhnom Penh _bRUA _c2015 |
||
| 300 |
_ax;52p. _bill. _c29cm. |
||
| 856 | _uTHAN DANY | ||
| 942 | _cLMA | ||
| 999 |
_c8336 _d8336 |
||